[Event "26PCR_F"]
[Site "?"]
[Date "2012.10.29"]
[Round "?"]
[White "Fejfar, Vlastimil"]
[Black "Benes, Jiri"]
[Result "1/2-1/2"]
[WhiteElo "2168"]
[BlackElo "2106"]
[PlyCount "56"]
[EventDate "2012.??.??"]
[EventType "corr"]
[EventRounds "2"]
[SourceDate "2010.08.23"]

1. e4 c5 2. Nf3 d6 3. d4 cxd4 4. Nxd4 Nf6 5. Nc3 e5 6. Bb5+ Bd7 7. Bxd7+ Qxd7
8. Nb3 Be7 9. Bg5 O-O 10. Qd2 h6 11. Bxf6 Bxf6 12. Nd5 Bg5 13. Qd3 Nc6 14. h4
Bd8 15. O-O-O a5 16. Kb1 a4 17. Nd2 Rb8 18. Qb5 a3 19. b3 Qg4 20. Qa4 Bxh4 21.
f3 Qg3 22. Nf1 Qf2 23. Nfe3 Ra8 24. Qb5 Bg5 25. Rdf1 Qd2 26. Rd1 Qf2 27. Qxb7
Nd4 28. Rdf1 Qe2 1/2-1/2

[Event "26PCR_F"]
[Site "?"]
[Date "2012.10.29"]
[Round "?"]
[White "Goc, Pavel"]
[Black "Urban, Milos"]
[Result "0-1"]
[WhiteElo "2118"]
[BlackElo "2158"]
[PlyCount "44"]
[EventDate "2012.??.??"]
[EventType "corr"]
[EventRounds "2"]
[SourceDate "2010.08.23"]

1. d4 d5 2. Nf3 Nf6 3. e3 e6 4. Bd3 c5 5. c3 Nc6 6. Nbd2 Bd6 7. O-O O-O 8. dxc5
Bxc5 9. e4 Qc7 10. Qe2 Bb6 11. b3 Rd8 12. exd5 exd5 13. Re1 Bg4 14. Qf1 Re8 15.
Bb2 Bxf3 16. gxf3 Qf4 17. Rxe8+ Rxe8 18. Rd1 Re5 19. Kh1 Bc7 20. Qh3 Rh5 21.
Qg3 Rxh2+ 22. Kg1 Qh6 0-1

[Event "26PCR_F"]
[Site "?"]
[Date "2012.10.29"]
[Round "?"]
[White "Smolka, Jan"]
[Black "Postl, Rostislav"]
[Result "1/2-1/2"]
[WhiteElo "2137"]
[BlackElo "2277"]
[PlyCount "78"]
[EventDate "2012.??.??"]
[EventType "corr"]
[EventRounds "2"]
[SourceDate "2010.08.23"]

1. d4 d5 2. Nf3 c6 3. e3 Bg4 4. c4 Nd7 5. Qb3 Bxf3 6. gxf3 Qc8 7. cxd5 cxd5 8.
Nc3 e6 9. e4 dxe4 10. fxe4 a6 11. Be3 Ngf6 12. Rg1 g6 13. Rc1 Qd8 14. e5 Nh5
15. Qxb7 Ng7 16. Ne4 Be7 17. Bg5 Rb8 18. Bxe7 Kxe7 19. Qxa6 Qb6 20. Qxb6 Rxb6
21. b3 Ra8 22. Rc7 Kd8 23. Rc2 Nf5 24. Ng5 Rb4 25. Bc4 h6 26. Nf3 Nb6 27. Ke2
Nxc4 28. bxc4 Ra3 29. Rd1 Rba4 30. Rdd2 g5 31. Ng1 Nh4 32. Kd1 Ng6 33. Ke1 Rb4
34. Rd1 Rba4 35. Ne2 Rxa2 36. Rxa2 Rxa2 37. Rd3 Nh4 38. Nc3 Rc2 39. d5 exd5
1/2-1/2

[Event "26PCR_F"]
[Site "?"]
[Date "2012.10.29"]
[Round "?"]
[White "Postl, Rostislav"]
[Black "Goc, Pavel"]
[Result "1-0"]
[WhiteElo "2277"]
[BlackElo "2118"]
[PlyCount "89"]
[EventDate "2012.??.??"]
[EventType "corr"]
[EventRounds "2"]
[SourceDate "2010.08.23"]

1. d4 Nf6 2. Bg5 Ne4 3. Bf4 c5 4. f3 Qa5+ 5. c3 Nf6 6. e4 cxd4 7. Qxd4 Nc6 8.
Qd1 e5 9. Bg5 Be7 10. Nd2 O-O 11. Bxf6 Bxf6 12. Nc4 Qc7 13. Ne2 d5 14. exd5 Rd8
15. d6 Qb8 16. a4 Be6 17. Ng3 Bh4 18. Qd2 Bxc4 19. Bxc4 Rxd6 20. Qe3 Qc7 21.
O-O Bxg3 22. hxg3 Rad8 23. Rae1 h6 24. Rf2 a6 25. f4 Rd1 26. Rxd1 Rxd1+ 27. Kh2
Kf8 28. Re2 f6 29. Bb3 Rd6 30. Qe4 Qd7 31. Qe3 Rd3 32. Qc5+ Rd6 33. Rd2 Ke7 34.
a5 Qd8 35. Bc2 Qb8 36. Bf5 g5 37. Bc8 exf4 38. gxf4 Nd8 39. Re2+ Kf8 40. Bg4
gxf4 41. Bh5 f3 42. gxf3 Nf7 43. Bxf7 Kg7 44. Kh3 Kxf7 45. Qh5+ 1-0

[Event "26PCR_F"]
[Site "?"]
[Date "2012.10.29"]
[Round "?"]
[White "Urban, Milos"]
[Black "Chvojka, Jaroslav"]
[Result "1-0"]
[WhiteElo "2158"]
[BlackElo "2178"]
[PlyCount "39"]
[EventDate "2012.??.??"]
[EventType "corr"]
[EventRounds "2"]
[SourceDate "2010.08.23"]

1. e4 c6 2. d4 d5 3. Nc3 dxe4 4. Nxe4 Nf6 5. Nxf6+ exf6 6. c3 Bd6 7. Bd3 O-O 8.
Ne2 Qc7 9. Qc2 h6 10. h3 Na6 11. O-O Be6 12. Be3 Rfe8 13. Rfe1 c5 14. Bb5 Bd7
15. Bxd7 Qxd7 16. c4 Nb4 17. Qb3 a5 18. dxc5 Bxc5 19. Bxc5 Rxe2 20. Rxe2 1-0

[Event "26PCR_F"]
[Site "?"]
[Date "2012.10.29"]
[Round "?"]
[White "Benes, Jiri"]
[Black "Stepan, Josef"]
[Result "1-0"]
[WhiteElo "2106"]
[BlackElo "1871"]
[PlyCount "41"]
[EventDate "2012.??.??"]
[EventType "corr"]
[EventRounds "2"]
[SourceDate "2010.08.23"]

1. c4 e5 2. Nc3 Nf6 3. g3 d5 4. cxd5 Nxd5 5. Bg2 Nb6 6. Nf3 Nc6 7. a4 a5 8. O-O
Be7 9. e3 O-O 10. d4 exd4 11. Nxd4 Ne5 12. f4 Ng6 13. Qe2 c6 14. Rd1 Qc7 15. e4
Bc5 16. b3 f5 17. Be3 Bxd4 18. Bxd4 fxe4 19. Rac1 Ra6 20. Nxe4 Re8 21. Nf6+ 1-0

[Event "26PCR_F"]
[Site "?"]
[Date "2012.10.29"]
[Round "?"]
[White "Slavik, Miroslav"]
[Black "Pavlicek, Miroslav"]
[Result "1/2-1/2"]
[WhiteElo "2222"]
[BlackElo "2272"]
[PlyCount "67"]
[EventDate "2012.??.??"]
[EventType "corr"]
[EventRounds "2"]
[SourceDate "2010.08.23"]

1. d4 d5 2. Nf3 Nf6 3. c4 c6 4. Nc3 e6 5. e3 a6 6. Qc2 b5 7. b3 Qc7 8. Bd3 Nbd7
9. O-O h6 10. Bb2 dxc4 11. bxc4 Rb8 12. c5 Be7 13. a3 Nd5 14. Ne2 O-O 15. Rfe1
a5 16. e4 N5f6 17. e5 Nd5 18. Nc3 Rd8 19. Nxd5 exd5 20. e6 fxe6 21. Rxe6 Nf8
22. Re3 Bf6 23. Rae1 b4 24. axb4 axb4 25. Ne5 b3 26. Qb1 Be6 27. f4 Rb7 28. Qd1
Ra8 29. f5 Bf7 30. Bb1 Rab8 31. Qg4 Nh7 32. R3e2 Rf8 33. Qh3 Ng5 34. Qg3
1/2-1/2